| 000 | 00620nam a22001937a 4500 | ||
|---|---|---|---|
| 999 |
_c171664 _d171664 |
||
| 005 | 20200203103858.0 | ||
| 010 | _a79490 | ||
| 020 |
_c9.00 _a- |
||
| 035 | _a79490 | ||
| 037 |
_bBPPD/Pub. _a- |
||
| 082 | _a809.955 | ||
| 100 | _aر ضا ز ا د ہ شفق | ||
| 245 |
_aتا ر يخ ا د بيا ت ا ير ا ن / _cر ضا ز ا د ہ شفق |
||
| 246 |
_bTareekh Adabiyat-e-Iran (Urdu) / _aby Raza Zada Shafaq |
||
| 260 |
_aDelhi _bMaktaba Jamia Ltd. _c1955 ء |
||
| 270 |
_aUrdu Bazar Jama Masjid, _bDelhi _e110006 _k- _l- |
||
| 300 |
_a558 ص _c22cm(Hb) |
||
| 942 |
_2ddc _cUR _h809.95 _mر ض ا |
||